Quizzes
Events
Quiz Creation
Community
Videos
Private Events
Remove Ads
Sign In
Join for FREE
Feedback
Dark Mode
Quiz Categories
Sports
Geography
Music
Movies
Television
Just For Fun
Miscellaneous
History
Literature
Language
Science
Gaming
Entertainment
Religion
Holiday
For Kids
Quiz Lab
Recent
Popular Today
Quiz Kudos Today
Editor Picks
Curator Picks
Quizzes by...
Day
Popularity
Type
Ratings
Length
Year
Community
Subscriptions
Recent Discussions
Orange Saloon
Badges
Playlists
Quests
Create
Leaderboards
Showdown
Live 5
Trivia Bingo
Activity
Puzzle Library
Sporcle Events
Private Events
Virtual Trivia
Globe League
Become a Host
Pub Owners
SporcleCon
Opinionation
Our Games
Videos
Blog
Mobile Apps
Partnerships
Remove Ads and Go Orange
Feedback
Gaming
Video Games
Board Games
Card Games
Pokémon
Mario
Nintendo
Minecraft
Console
Toys
Legend of Zelda
Gaming
Video Games
Board Games
Card Games
Pokémon
Mario
Nintendo
Minecraft
Console
Toys
Legend of Zelda
Random Quiz
Search Sporcle
×
Quiz Lab
Quiz Lab
Gaming
Required
Type in answers that appear in a list
Type in answers that appear in a list
Classic
Best Score? Go Orange.
Final Fantasy IX dyne skills Stats
Can you name the Final Fantasy IX dyne skills?
By
NightStarUmi
5m
8 Questions
88 Plays
88 Plays
88 Plays
Comments
Comments
Give Quiz Kudos
Give Quiz Kudos
-
- Ratings
hide this ad
Replay
Link that replays current quiz
Next Quiz
Link to next quiz in quiz playlist
You Got
0%
They Got
Avg Score
69%
Avg Friend Score
Upgrade to see
Score Distribution
Jump to the score distribution portion of the page
Score
0/8
Timer
05:00
0
Plays Today
required skill
skill
% Correct
Thievery
Grand Lethal
89.8%
Flee
Free Energy
85.2%
Detect
Tidal Flame
79.5%
Lucky Seven
Solution 9
76.1%
Sacrifice
Meo Twister
64.8%
Soul Blade
Shift Break
55.7%
Annoy
Stellar Circle 5
54.5%
What's That?
Scoop Art
52.3%
Quiz Playlist
Details
Report
Send in Message
Add To Playlist
Classic:
Type in answers that appear in a list
Last Updated: Feb 16, 2017
Quiz Scoreboard
CHALLENGE
Sign Up to Join the Scoreboard
Show All
Scores
Hide
Comments
May contain spoilers
Recently Published
Alphabetical 'K' Countries by Flag Minefield
by ylime102
Geography
3m
Pick 6: Fruits
by JohnFran
Miscellaneous
15s
Click the 1999 NBA Draft
by nibperrychub
Sports
2m
More to Explore
Quiz From the Vault
Featured Blog Post
15 Basketball Trivia Facts You Can Be March Mad About
hide this ad
You Might Also Like...
Tags
Fantasy
final
Final Fantasy
Final Fantasy IX
Required
skill
Today's Top Quizzes in Gaming
Browse Gaming
hide this ad
Top Contributed Quizzes in Gaming
1
Pokémon Gen IV Logic Puzzle (HARD)
2
Order Genshin Impact characters by release date!
3
HARD Pokemon Logic Puzzle
4
Honkai: Star Rail Technique Names Quiz
5
Genshin Impact Logic Puzzle Quiz
6
Danganronpa Sorting Blitz
7
Pokémon Logic Puzzle (DIFFICULT)
8
Genshin Impact Logic Puzzle Quiz II
9
Animal Crossing Neighbors (Clickable)
10
Overwatch Logic Puzzle
Explore More
Trending Topics
Kpop
Crossword
Disney
Harry Potter
Marvel
Anime
NBA
Song
The Office
Puzzle
WWE
NFL
Soccer
Country
Pokémon
hide this ad
More By:
NightStarUmi
Quiz
Plays
Rating
Category
Featured
Created
pokemon gen III in order
421
5.00
Gaming
Jun 10, 2011
Tales of Symphonia Locations
311
4.67
Gaming
Jun 13, 2011
Pokemon gen IV in order
267
4.50
Gaming
Jun 10, 2011
Pokemon gen II in order
232
4.67
Gaming
Jun 10, 2011
Name Pokemon Gen I and II in order
198
Gaming
May 27, 2011
Go to Creator's Profile
Score Distribution
Quiz Creator Spotlight
NightStarUmi
Follow
Send a Message
Quizzes Created
-
Created Quiz Play Count
-
More By This Creator
Popular Quizzes Today
1
Find the US States - No Outlines Minefield
2
Countries of Asia Without Outlines Minefield
3
Pick 6: Fruits
4
The Countries of the World
5
Alphabetical 'K' Countries by Flag Minefield
6
Click the 1999 NBA Draft
7
Match the Book to the Film X
8
Find the US States
More Gaming Quizzes
Kingdom Hearts Games by a Bad Plot Description
Quiz Lab
Trending Quizzes
Pick 6: Harry Potter
Pick 6: Mountains
Pick 6: NFL Teams
Pick 6: Movie Franchises
Pick 6: Golfers
Recently Updated
Women's Final Four Teams by Year
bhenderson79
Presidents Quartet II
eogle
Anything But Clue(do)
eogle
Anything But Oceanian Capitals
eogle
Anything But 7
eogle
Anything But Thing
eogle
Word Ladder: February 29
pecheneg
Song Title Questions
pecheneg
Women's NCAA Tournament #1 Seeds
pecheneg
Celebrity Mug Shots
pecheneg
Trending Topics
Marvel
Harry Potter
Disney
Kpop
NBA
Anime
Crossword
Country
WWE
Song
NFL
Puzzle
Soccer
The Office
Pokémon
Your Account Isn't Verified!
In order to create a playlist on Sporcle, you need to verify the email address you used during registration. Go to your
Sporcle Settings
to finish the process.
Report this User
Report this user for behavior that violates our
Community Guidelines
.
Details:
Send Report
Go to the Sporcle.com Mobile Site →
Comments